The warrior diplomats : guardians of the national security and modernization of Turkey /

Bibliographic Details
Main Author: Tamkoç, Metin
Format: Book
Language:English
Published: Salt Lake City : University of Utah Press, [1976]
Subjects:

MARC

Tag First Indicator Second Indicator Subfields
LEADER 00000cam a2200000 i 4500
001 in00000447921
005 20151012161542.0
008 760917s1976 utua b 00110ceng
010 |a  73093301  
020 |a 087480115X 
035 |a (OCoLC)02486185 
035 |9 ABZ4346AM 
040 |a DLC  |c DLC  |d TXA  |d UtOrBLW 
043 |a a-tu--- 
049 |a TXAM  |c [1553910] 
050 0 0 |a DR590  |b .T35 
082 0 |a 956.1/02/0922 
100 1 |a Tamkoç, Metin. 
245 1 4 |a The warrior diplomats :  |b guardians of the national security and modernization of Turkey /  |c Metin Tamkoc. 
264 1 |a Salt Lake City :  |b University of Utah Press,  |c [1976] 
264 4 |c ©1976 
300 |a xix, 394 pages :  |b illustrations ;  |c 24 cm. 
336 |a text  |b txt  |2 rdacontent 
337 |a unmediated  |b n  |2 rdamedia 
338 |a volume  |b nc  |2 rdacarrier 
500 |a Includes index. 
504 |a Bibliography: pages [363]-372. 
610 1 0 |a Turkey.  |b Ordu  |x Political activity. 
650 0 |a Statesmen  |z Turkey  |v Biography. 
651 0 |a Turkey  |x Politics and government  |y 1918-1960. 
651 0 |a Turkey  |x Politics and government  |y 1960-1980. 
999 |a MARS 
999 f f |s d213c326-28f4-3835-a949-1a02257eb273  |i 7442e71a-94ec-311d-a532-3da60f12c1de  |t 0 
952 f f |p ric  |a Texas A&M University  |b Rellis Campus  |c Joint Library Facility  |s JLF  |d Remote Storage  |t 0  |e DR590 .T35  |h Library of Congress classification  |i unmediated -- volume  |m A14833495794 
998 f f |a DR590 .T35  |t 0  |l Remote Storage